| 000 | 02823cam a2200601 i 4500 | ||
|---|---|---|---|
| 999 |
_c5623 _d5623 |
||
| 001 | ocn908250417 | ||
| 003 | OCoLC | ||
| 005 | 20200721170306.0 | ||
| 008 | 150427s2016 nyua b 001 0 eng | ||
| 010 | _a 2015011190 | ||
| 015 |
_aGBB588920 _2bnb |
||
| 016 | 7 |
_a017435357 _2Uk |
|
| 020 |
_a9781107084087 _q(hardback) |
||
| 020 |
_a1107084083 _q(hardback) |
||
| 035 | _a(OCoLC)908250417 | ||
| 040 |
_aDLC _beng _erda _cTZ-ArACH |
||
| 042 | _apcc | ||
| 043 | _af-rw--- | ||
| 049 | _aTZAA | ||
| 050 | 0 | 0 |
_aKTD157 _b.C47 2016 |
| 082 | 0 | 0 |
_a347.67571/04 _223 |
| 100 | 1 |
_aChakravarty, Anuradha, _d1976- _eauthor. |
|
| 245 | 1 | 0 |
_aInvesting in authoritarian rule : _bpunishment and patronage in Rwanda's Gacaca courts for genocide crimes / _cAnuradha Chakravarty. |
| 260 |
_aNew York, NY : _bCambridge University Press, _c2016. |
||
| 300 |
_axvi, 367 pages : _billustrations ; _c24 cm |
||
| 490 | 1 | _aCambridge studies in law and society | |
| 504 | _aIncludes bibliographical references (pages 341-355) and index. | ||
| 505 | 0 | _aA history of clientelism in Rwanda -- The RPF : an unrivaled patron -- The mental map : shared expectations of rule -- The Gacaca Court : deciding innocence and guilt -- Confessions : surrendering the right to rule -- Denunciations : local space and local control -- Judges : political co-optation at the grassroots. | |
| 610 | 2 | 0 | _aFront patriotique rwandais. |
| 610 | 2 | 7 |
_aFront patriotique rwandais. _2fast |
| 648 | 7 |
_a1994 _2fast |
|
| 650 | 0 |
_aGacaca justice system _zRwanda. |
|
| 650 | 0 |
_aGenocide _zRwanda. |
|
| 650 | 0 |
_aReparation (Criminal justice) _zRwanda. _918651 |
|
| 650 | 0 |
_aTransitional justice _zRwanda. _917702 |
|
| 650 | 0 |
_aJudges _zRwanda. |
|
| 650 | 0 |
_aAuthoritarianism _zRwanda. |
|
| 650 | 7 |
_aAuthoritarianism. _2fast _989 |
|
| 650 | 7 |
_aGacaca justice system. _2fast |
|
| 650 | 7 |
_aGenocide. _2fast |
|
| 650 | 7 |
_aJudges. _2fast |
|
| 650 | 7 |
_aPolitics and government. _2fast |
|
| 650 | 7 |
_aReparation (Criminal justice) _2fast _918657 |
|
| 650 | 7 |
_aTransitional justice. _2fast |
|
| 651 | 0 |
_aRwanda _xHistory _yCivil War, 1994. |
|
| 651 | 0 |
_aRwanda _xPolitics and government. |
|
| 651 | 7 |
_aRwanda. _2fast |
|
| 655 | 7 |
_aHistory. _2fast |
|
| 830 | 0 | _aCambridge studies in law and society. | |
| 856 | 4 | 1 |
_uhttps://shibboleth2sp.gar.semcs.net/Shibboleth.sso/Login?entityID=https://passport01.leeds.ac.uk/idp/shibboleth&target=https://shibboleth2sp.gar.semcs.net/shib?dest=http%253A%252F%252Fwww.vlebooks.com%252FSHIBBOLETH%253Fdest%253Dhttp%25253A%25252F%25252Fwww.vlebooks.com%25252Fvleweb%25252Fproduct%25252Fopenreader%25253Fid%25253DLeedsUni%252526isbn%25253D9781316477243 _zView this book online, via VLeBooks, both on- and off-campus |
| 856 | 4 | 2 |
_3Cover image _uhttp://assets.cambridge.org/97811070/84087/cover/9781107084087.jpg |
| 942 |
_2lcc _cBOOK |
||